[Event "IECC TH-T email"]
[Site "IECC email"]
[Date "2001.10.05"]
[Round "?"]
[White "Ganoth, Sagi"]
[Black "Mongle, John H"]
[Result "0-1"]
[WhiteElo "1165"]
[BlackElo "1522"]
[PlyCount "48"]
[EventDate "2001.??.??"]
[EventType "match (corr)"]
[EventRounds "2"]
[SourceTitle "Corr 2008"]
[Source "ChessBase"]
[SourceDate "2008.06.24"]
[SourceVersion "1"]
[SourceVersionDate "2008.06.24"]
[SourceQuality "1"]

1. d4 d5 2. e4 dxe4 3. Nc3 Nf6 4. f3 exf3 5. Nxf3 g6 6. Ne5 Bg7 7. Bc4 0-0 8. d5 c6 9. d6 exd6 10. Ng4 Nxg4 11. 0-0 d5 12. Be2 Qb6+ 13. Kh1 Nf2+ 14. Rxf2 Qxf2 15. Na4 Re8 16. Nc3 Bxc3 17. bxc3 Rxe2 18. Qg1 Re1 19. Be3 Rxg1+ 20. Rxg1 Qxe3 21. Rf1 Bf5 22. h3 Be4 23. Kh2 Qd2 24. Rg1 Qf4+ 0-1

[Event "IECC TH-T email"]
[Site "IECC email"]
[Date "2001.10.04"]
[Round "?"]
[White "Spol, Chris"]
[Black "Ganoth, Sagi"]
[Result "1-0"]
[WhiteElo "1015"]
[BlackElo "1199"]
[PlyCount "27"]
[EventDate "2001.??.??"]
[EventType "match (corr)"]
[EventRounds "2"]
[SourceTitle "Corr 2008"]
[Source "ChessBase"]
[SourceDate "2008.06.24"]
[SourceVersion "1"]
[SourceVersionDate "2008.06.24"]
[SourceQuality "1"]

1. e4 e5 2. Nf3 Nc6 3. Bb5 f5 4. Nc3 fxe4 5. Nxe4 Nd4 6. Nxd4 exd4 7. Qh5+ g6 8. Qe5+ Be7 9. Qxh8 Kf7 10. Qxh7+ Kf8 11. Qxg6 c6 12. Be2 d5 13. Bh5 Nf6 14. Qf7# 1-0

[Event "IECC TH-T email"]
[Site "IECC email"]
[Date "2001.09.27"]
[Round "?"]
[White "Adamczyk, Matthias"]
[Black "Ganoth, Sagi"]
[Result "1-0"]
[WhiteElo "1700"]
[BlackElo "1183"]
[PlyCount "41"]
[EventDate "2001.??.??"]
[EventType "match (corr)"]
[EventRounds "2"]
[SourceTitle "Corr 2008"]
[Source "ChessBase"]
[SourceDate "2008.06.24"]
[SourceVersion "1"]
[SourceVersionDate "2008.06.24"]
[SourceQuality "1"]

1. e4 e5 2. Nc3 Nc6 3. Bc4 Nf6 4. Nf3 Bb4 5. Ng5 0-0 6. d3 Nd4 7. 0-0 Bxc3 8. bxc3 Nc6 9. f4 exf4 10. Bxf4 d6 11. Rb1 h6 12. Nf3 Bg4 13. Rxb7 Na5 14. Rb4 Nc6 15. Rb1 Bxf3 16. Qxf3 Re8 17. Bxh6 gxh6 18. Qxf6 Qd7 19. Bxf7+ Kh7 20. Qg6+ Kh8 21. Qxh6# 1-0

[Event "IECC O email"]
[Site "IECC email"]
[Date "2001.05.28"]
[Round "?"]
[White "Ganoth, Sagi"]
[Black "Sparks, Dwayne"]
[Result "1/2-1/2"]
[WhiteElo "1235"]
[BlackElo "1332"]
[PlyCount "49"]
[EventDate "2001.??.??"]
[EventType "tourn (corr)"]
[EventRounds "6"]
[SourceTitle "Corr 2008"]
[Source "ChessBase"]
[SourceDate "2008.06.24"]
[SourceVersion "1"]
[SourceVersionDate "2008.06.24"]
[SourceQuality "1"]

1. e4 e5 2. Bc4 d6 3. Qf3 Be6 4. Bb5+ Nd7 5. d3 c6 6. Bc4 b5 7. Bxe6 fxe6 8. Qh5+ g6 9. Qf3 Qa5+ 10. Bd2 Qb6 11. Be3 c5 12. Nc3 b4 13. Nd1 d5 14. exd5 Qb7 15. dxe6 Qxf3 16. gxf3 Nb6 17. c3 Rd8 18. Bg5 Rxd3 19. Ne3 bxc3 20. bxc3 Rxc3 21. Nd1 Rd3 22. Ne3 Be7 23. Bxe7 Nxe7 24. Ng4 Nc6 25. Nh3 1/2-1/2

[Event "IECC CL6-2001.08"]
[Site "IECC email"]
[Date "2001.02.18"]
[Round "?"]
[White "Sanchez, Christian"]
[Black "Ganoth, Sagi"]
[Result "1-0"]
[WhiteElo "1402"]
[BlackElo "1291"]
[PlyCount "29"]
[EventDate "2001.??.??"]
[EventType "tourn (corr)"]
[EventRounds "4"]
[SourceTitle "Corr 2008"]
[Source "ChessBase"]
[SourceDate "2008.06.24"]
[SourceVersion "1"]
[SourceVersionDate "2008.06.24"]
[SourceQuality "1"]

1. e4 c6 2. d4 d5 3. Nc3 Nf6 4. e5 Ne4 5. Nxe4 dxe4 6. Bc4 h5 7. f3 e6 8. Be3 Bb4+ 9. c3 Ba5 10. Nh3 Qb6 11. 0-0 Qxb2 12. fxe4 Bxc3 13. Qf3 Qb4 14. Qxf7+ Kd8 15. Bg5+ 1-0